Countries Ranked #21-40 in Size - Statistics

General Stats
  • This quiz has been taken 14 times
  • The average score is 10 of 20
Answer Stats
Land Area (square km) Answer % Correct
1,240,192 Mali
79%
1,284,000 Chad
71%
881,912 Pakistan
71%
1,221,037 South Africa
71%
1,098,581 Bolivia
64%
1,141,748 Colombia
64%
1,267,000 Niger
64%
756,102 Chile
57%
783,562 Turkey
57%
923,768 Nigeria
50%
916,445 Venezuela
50%
1,002,450 Egypt
43%
1,104,300 Ethiopia
43%
825,615 Namibia
43%
945,087 Tanzania
43%
1,246,700 Angola
36%
1,030,700 Mauritania
36%
676,578 Myanmar
29%
752,612 Zambia
29%
801,590 Mozambique
21%
No matching quizzes found
Score Distribution
Percent of People with Each Score
Percentile by Number Answered
Your Score History
You have not taken this quiz